LIBRARY & INFORMATION CENTRE, KCAET, TAVANUR

ONLINE PUBLIC ACCESS CATALOGUE (OPAC)

Method of test for determining setting time of concrete by penetration peristance / (Record no. 9719)

MARC details
000 -LEADER
fixed length control field 00714cam a2200157ua 4500
041 ## - LANGUAGE CODE
Language code of text/sound track or separate title eng
082 ## - DEWEY DECIMAL CLASSIFICATION NUMBER
Classification number 666.9
Item number IND/ME
245 ## - TITLE STATEMENT
Title Method of test for determining setting time of concrete by penetration peristance /
250 ## - EDITION STATEMENT
Edition statement 1 /
260 ## - PUBLICATION, DISTRIBUTION, ETC. (IMPRINT)
Place of publication New Delhi :
Name of publisher Indian Standards Institution ,
Year of publication 1983.
300 ## - PHYSICAL DESCRIPTION
Number of Pages 8 ; .
942 ## - ADDED ENTRY ELEMENTS (KOHA)
Koha item type Books
Holdings
Withdrawn status Lost status Damaged status Home library Current library Date acquired Full call number Accession Number Koha item type
      KAUAET KAUAET 07/04/2012 666.9 17553 Standards
free website counter